<?xml version="1.0" encoding="UTF-8"?>
<record
    xmlns:xsi="http://www.w3.org/2001/XMLSchema-instance"
    xsi:schemaLocation="http://www.loc.gov/MARC21/slim http://www.loc.gov/standards/marcxml/schema/MARC21slim.xsd"
    xmlns="http://www.loc.gov/MARC21/slim">

  <leader>00809nam a22001577a 4500</leader>
  <controlfield tag="003">LRUA</controlfield>
  <controlfield tag="005">20200706111753.0</controlfield>
  <controlfield tag="008">200706b        xxu||||| |||| 00| 0 eng d</controlfield>
  <datafield tag="040" ind1=" " ind2=" ">
    <subfield code="c">RUA</subfield>
  </datafield>
  <datafield tag="082" ind1=" " ind2=" ">
    <subfield code="a">MGR OUK 2017 B469 Or.1</subfield>
  </datafield>
  <datafield tag="100" ind1=" " ind2=" ">
    <subfield code="9">14267</subfield>
    <subfield code="a">OUKSOCHEAT,&#x17A2;&#x17CA;&#x17BC;&#x1780;  &#x179F;&#x17BB;&#x1787;&#x17B6;&#x178F;&#x17B7;</subfield>
  </datafield>
  <datafield tag="245" ind1=" " ind2=" ">
    <subfield code="a">promoting women participation in agricultural development in treang and koh andeth district, takeo province, &#x1780;&#x17B6;&#x179A;&#x179B;&#x17BE;&#x1780;&#x1780;&#x1798;&#x17D2;&#x1796;&#x179F;&#x17CB;&#x1780;&#x17B6;&#x179A;&#x1785;&#x17BC;&#x179B;&#x179A;&#x17BD;&#x1798;&#x179A;&#x1794;&#x179F;&#x17CB;&#x179F;&#x17D2;&#x179A;&#x17D2;&#x178F;&#x17B8;&#x1793;&#x17C5;&#x1780;&#x17D2;&#x1793;&#x17BB;&#x1784;&#x1780;&#x17B6;&#x179A;&#x17A2;&#x1797;&#x17B7;&#x179C;&#x178C;&#x17D2;&#x178D;&#x179C; &#x179F;&#x17D0;&#x1799;&#x1780;&#x179F;&#x17B7;&#x1780;&#x1798;&#x17D2;&#x1798; &#x1793;&#x17C5;&#x179F;&#x17D2;&#x179A;&#x17BB;&#x1780;&#x1791;&#x17D2;&#x179A;&#x17B6;&#x17C6;&#x1784; &#x1793;&#x17B7;&#x1784;&#x179F;&#x17D2;&#x179A;&#x17BB;&#x1780;&#x1780;&#x17C4;&#x17C7;&#x17A2;&#x178E;&#x17D2;&#x178F;&#x17C2;&#x178F; &#x1781;&#x17C1;&#x178F;&#x17D2;&#x178F;&#x178F;&#x17B6;&#x1780;&#x17C2;&#x179C;</subfield>
  </datafield>
  <datafield tag="260" ind1=" " ind2=" ">
    <subfield code="a">RUA</subfield>
    <subfield code="b">phnom penh</subfield>
    <subfield code="c">2017 </subfield>
  </datafield>
  <datafield tag="300" ind1=" " ind2=" ">
    <subfield code="a">xii;61p;</subfield>
    <subfield code="b">ill;</subfield>
    <subfield code="c">29cm;</subfield>
  </datafield>
  <datafield tag="942" ind1=" " ind2=" ">
    <subfield code="2">ddc</subfield>
    <subfield code="c">NRM</subfield>
  </datafield>
  <datafield tag="999" ind1=" " ind2=" ">
    <subfield code="c">19242</subfield>
    <subfield code="d">19242</subfield>
  </datafield>
  <datafield tag="952" ind1=" " ind2=" ">
    <subfield code="0">0</subfield>
    <subfield code="1">0</subfield>
    <subfield code="2">ddc</subfield>
    <subfield code="4">0</subfield>
    <subfield code="6">MGR_OUK_2017_000000000000000_B469_OR_1</subfield>
    <subfield code="7">0</subfield>
    <subfield code="9">84434</subfield>
    <subfield code="a">LBB</subfield>
    <subfield code="b">LBB</subfield>
    <subfield code="c">B469</subfield>
    <subfield code="d">2020-07-06</subfield>
    <subfield code="l">8</subfield>
    <subfield code="m">1</subfield>
    <subfield code="o">MGR OUK 2017 B469 Or.1</subfield>
    <subfield code="p">A43299</subfield>
    <subfield code="r">2026-02-23</subfield>
    <subfield code="s">2026-01-02</subfield>
    <subfield code="w">2020-07-06</subfield>
    <subfield code="y">NRM</subfield>
  </datafield>
  <datafield tag="952" ind1=" " ind2=" ">
    <subfield code="0">0</subfield>
    <subfield code="1">0</subfield>
    <subfield code="2">ddc</subfield>
    <subfield code="4">0</subfield>
    <subfield code="6">MGR_OUK_2017_000000000000000_B469_OR_2</subfield>
    <subfield code="7">0</subfield>
    <subfield code="9">84435</subfield>
    <subfield code="a">LBB</subfield>
    <subfield code="b">LBB</subfield>
    <subfield code="c">B469</subfield>
    <subfield code="d">2020-07-06</subfield>
    <subfield code="l">2</subfield>
    <subfield code="o">MGR OUK 2017 B469 Or.2</subfield>
    <subfield code="p">A42594</subfield>
    <subfield code="r">2023-02-24</subfield>
    <subfield code="s">2023-02-01</subfield>
    <subfield code="w">2020-07-06</subfield>
    <subfield code="y">NRM</subfield>
  </datafield>
  <datafield tag="952" ind1=" " ind2=" ">
    <subfield code="0">0</subfield>
    <subfield code="1">0</subfield>
    <subfield code="2">ddc</subfield>
    <subfield code="4">0</subfield>
    <subfield code="6">MGR_OUK_2017_000000000000000_B469_OR_3</subfield>
    <subfield code="7">0</subfield>
    <subfield code="9">84436</subfield>
    <subfield code="a">LBB</subfield>
    <subfield code="b">LBB</subfield>
    <subfield code="c">B469</subfield>
    <subfield code="d">2020-07-06</subfield>
    <subfield code="l">7</subfield>
    <subfield code="o">MGR OUK 2017 B469 Or.3</subfield>
    <subfield code="p">A43011</subfield>
    <subfield code="r">2022-09-21</subfield>
    <subfield code="s">2022-09-02</subfield>
    <subfield code="w">2020-07-06</subfield>
    <subfield code="y">NRM</subfield>
  </datafield>
  <datafield tag="952" ind1=" " ind2=" ">
    <subfield code="0">0</subfield>
    <subfield code="1">0</subfield>
    <subfield code="2">ddc</subfield>
    <subfield code="4">0</subfield>
    <subfield code="6">MGR_OUK_2017_000000000000000_B469_OR_4</subfield>
    <subfield code="7">0</subfield>
    <subfield code="9">84437</subfield>
    <subfield code="a">LBB</subfield>
    <subfield code="b">LBB</subfield>
    <subfield code="c">B469</subfield>
    <subfield code="d">2020-07-06</subfield>
    <subfield code="o">MGR OUK 2017 B469 Or.4</subfield>
    <subfield code="p">A42701</subfield>
    <subfield code="r">2020-07-06</subfield>
    <subfield code="w">2020-07-06</subfield>
    <subfield code="y">NRM</subfield>
  </datafield>
  <datafield tag="952" ind1=" " ind2=" ">
    <subfield code="0">0</subfield>
    <subfield code="1">0</subfield>
    <subfield code="2">ddc</subfield>
    <subfield code="4">0</subfield>
    <subfield code="6">MGR_OUK_2017_000000000000000_B469_OR_5</subfield>
    <subfield code="7">0</subfield>
    <subfield code="9">84438</subfield>
    <subfield code="a">LBB</subfield>
    <subfield code="b">LBB</subfield>
    <subfield code="c">B469</subfield>
    <subfield code="d">2020-07-06</subfield>
    <subfield code="o">MGR OUK 2017 B469 Or.5</subfield>
    <subfield code="p">A43562</subfield>
    <subfield code="r">2020-07-06</subfield>
    <subfield code="w">2020-07-06</subfield>
    <subfield code="y">NRM</subfield>
  </datafield>
  <datafield tag="952" ind1=" " ind2=" ">
    <subfield code="0">0</subfield>
    <subfield code="1">0</subfield>
    <subfield code="2">ddc</subfield>
    <subfield code="4">0</subfield>
    <subfield code="6">MGR_OUK_2017_000000000000000_B469_OR_6</subfield>
    <subfield code="7">0</subfield>
    <subfield code="9">84439</subfield>
    <subfield code="a">LBB</subfield>
    <subfield code="b">LBB</subfield>
    <subfield code="c">B469</subfield>
    <subfield code="d">2020-07-06</subfield>
    <subfield code="o">MGR OUK 2017 B469 Or.6</subfield>
    <subfield code="p">A42846</subfield>
    <subfield code="r">2020-07-06</subfield>
    <subfield code="w">2020-07-06</subfield>
    <subfield code="y">NRM</subfield>
  </datafield>
</record>
